Find the English Capital For Countries in Dutch - Statistics

General Stats
  • This quiz has been taken 15 times
  • The average score is 130 of 192
Answer Stats
Dutch Name for Country Capital % Correct
Algerije Algiers
100%
Albanië Tirana
100%
Andorra Andorra la Vella
88%
Afghanistan Kabul
88%
Nigeria Abuja
75%
Ghana Accra
75%
Ethiopië Addis Ababa
75%
Jordanië Amman
75%
Nederland Amsterdam
75%
Madagaskar Antananarivo
75%
Samoa Apia
75%
Eritrea Asmara
75%
Paraguay Asuncion
75%
Irak Baghdad
75%
Azerbeidzjan Baku
75%
Mali Bamako
75%
Centraal-Afrikaanse Republiek Bangui
75%
Gambia Banjul
75%
Libanon Beirut
75%
Belize Belmopan
75%
Duitsland Berlin
75%
Guinee-Bissau Bissau
75%
Colombia Bogota
75%
Brazilië Brasilia
75%
Slowakije Bratislava
75%
Congo-Brazzaville Brazzaville
75%
België Brussels
75%
Hongarije Budapest
75%
Egypte Cairo
75%
Australië Canberra
75%
Venezuela Caracas
75%
Moldavië Chisinau
75%
Guinee Conakry
75%
Denemarken Copenhagen
75%
Senegal Dakar
75%
Syrië Damascus
75%
Bangladesh Dhaka
75%
Oost-Timor Dili
75%
Djibouti Djibouti
75%
Tanzania Dodoma
75%
Ierland Dublin
75%
Botswana Gaborone
75%
Guyana Georgetown
75%
Guatemala Guatemala City
75%
Cuba Havana
75%
Finland Helsinki
75%
Pakistan Islamabad
75%
Indonesië Jakarta
75%
Israël Jerusalem
75%
Oeganda Kampala
75%
Soedan Khartoum
75%
Oekraïne Kiev
75%
Rwanda Kigali
75%
Congo-Kinshasa Kinshasa
75%
Koeweit Kuwait City
75%
Gabon Libreville
75%
Peru Lima
75%
Portugal Lisbon
75%
Slovenië Ljubljana
75%
Togo Lomé
75%
Angola Luanda
75%
Zambia Lusaka
75%
Luxemburg Luxembourg City
75%
Spanje Madrid
75%
Malediven Malé
75%
Filipijnen Manila
75%
Mozambique Maputo
75%
Lesotho Maseru
75%
Mexico Mexico City
75%
Somalië Mogadishu
75%
Monaco Monaco
75%
Liberia Monrovia
75%
Uruguay Montevideo
75%
Kenia Nairobi
75%
India New Delhi
75%
Niger Niamey
75%
Kazachstan Nur-Sultan
75%
Noorwegen Oslo
75%
Canada Ottawa
75%
Burkina Faso Ouagadougou
75%
Panama Panama City
75%
Haïti Port-au-Prince
75%
Papoea-Nieuw-Guinea Port Moresby
75%
Kaapverdië Praia
75%
Ecuador Quito
75%
Marokko Rabat
75%
IJsland Reykjavik
75%
Saoedi-Arabië Riyadh
75%
Italië Rome
75%
Jemen Sana'a
75%
Costa Rica San Jose
75%
San Marino San Marino
75%
El Salvador San Salvador
75%
Chili Santiago
75%
Dominicaanse Republiek Santo Domingo
75%
Sao Tomé en Principe São Tomé
75%
Bosnië en Herzegovina Sarajevo
75%
Singapore Singapore
75%
Bulgarije Sofia
75%
Bolivia Sucre/ La Paz
75%
Honduras Tegucigalpa
75%
Iran Tehran
75%
Japan Tokyo
75%
Liechtenstein Vaduz
75%
Malta Valletta
75%
Vaticaanstad Vatican City
75%
Seychellen Victoria
75%
Litouwen Vilnius
75%
Nieuw-Zeeland Wellington
75%
Namibië Windhoek
75%
Kroatië Zagreb
75%
Turkije Ankara
63%
Turkmenistan Ashgabat
63%
Griekenland Athens
63%
Brunei Bandar Seri Begawan
63%
Thailand Bangkok
63%
Saint Kitts en Nevis Basseterre
63%
Servië Belgrade
63%
Argentinië Buenos Aires
63%
Saint Lucia Castries
63%
Qatar Doha
63%
Sierra Leone Freetown
63%
Vietnam Hanoi
63%
Zimbabwe Harare
63%
Nepal Kathmandu
63%
Jamaica Kingston
63%
Saint Vincent en de Grenadines Kingstown
63%
Maleisië Kuala Lumpur
63%
Malawi Lilongwe
63%
Equatoriaal-Guinea Malabo
63%
Nicaragua Managua
63%
Bahrein Manama
63%
Swaziland Mbabane
63%
Comoren Moroni
63%
Rusland Moscow
63%
Oman Muscat
63%
Bahama's Nassau
63%
Cyprus Nicosia
63%
Mauritanië Nouakchott
63%
Suriname Paramaribo
63%
Frankrijk Paris
63%
Cambodja Phnom Penh
63%
Montenegro Podgorica
63%
Kosovo Pristina
63%
Noord-Korea Pyongyang
63%
Letland Riga
63%
Antigua en Barbuda Saint John's
63%
Noord-Macedonië Skopje
63%
Zweden Stockholm
63%
Fiji Suva
63%
Estland Tallinn
63%
Georgië Tbilisi
63%
Bhutan Thimphu
63%
Libië Tripoli
63%
Laos Vientiane
63%
Polen Warsaw
63%
Ivoorkust Yamoussoukro
63%
Armenië Yerevan
63%
Verenigde Arabische Emiraten Abu Dhabi
50%
Zwitserland Bern
50%
Kirgizië Bishkek
50%
Barbados Bridgetown
50%
Roemenië Bucharest
50%
Zuid-Afrika Cape Town/ Pretoria/ Bloemfontein
50%
Tadzjikistan Dushanbe
50%
Tuvalu Funafuti
50%
Burundi Gitega
50%
Salomonseilanden Honiara
50%
Zuid-Soedan Juba
50%
Verenigd Koninkrijk London
50%
Marshalleilanden Majuro
50%
Wit-Rusland Minsk
50%
Tsjaad Ndjamena
50%
Tonga Nuku'alofa
50%
Micronesia Palikir
50%
Mauritius Port Louis
50%
Trinidad en Tobago Port of Spain
50%
Benin Porto Novo
50%
Vanuatu Port Vila
50%
Dominica Roseau
50%
Grenada Saint George's
50%
Zuid-Korea Seoul
50%
Sri Lanka Sri Jayawardenepura Kotte
50%
Oezbekistan Tashkent
50%
Tunesië Tunis
50%
Oostenrijk Vienna
50%
Verenigde Staten Washington D.C.
50%
Kameroen Yaoundé
50%
Nauru Yaren
50%
Myanmar Naypyitaw
38%
Palau Ngerulmud
38%
Tsjechië Prague
38%
No matching quizzes found
Score Distribution
Percent of People with Each Score
Percentile by Number Answered
Your Score History
You have not taken this quiz